| 000 | 00678nam a2200229Ia 4500 | ||
|---|---|---|---|
| 999 |
_c41112 _d41112 |
||
| 001 | 7762 | ||
| 003 | GE_BSU | ||
| 005 | 20220923142205.0 | ||
| 008 | 181216s2012en xx |||||||||||||| ||eng|| | ||
| 020 | _a9780203103593 | ||
| 040 | _cGE_BSU | ||
| 041 | _aeng | ||
| 080 | _a711.01/09 B-18 | ||
| 100 |
_aBalmer,Jeffrey _914739 |
||
| 245 |
_aDiagramming the Big Idea : _bMethods for Architectural Composition / _cJeffrey Balmer. |
||
| 264 |
_aNew York and London : _bRoutledge, _c2012. |
||
| 300 |
_a242 p.; _bIll; _c29 cm. |
||
| 653 | _aDiagramming the Big Idea | ||
| 653 | _aMethods for Architectural Composition | ||
| 653 | _aდიაგრამები | ||
| 942 |
_cBK _2udc |
||